[Event "Palma de Mallorca FIDE GP"]
[Site "Palma de Mallorca"]
[Date "2017.11.19"]
[Round "4"]
[White "Rapport, Richard"]
[Black "Hammer, Jon Ludvig"]
[Result "1-0"]
[WhiteElo "2692"]
[BlackElo "2629"]
[Annotator "Roiz,Michael"]
[PlyCount "57"]
[EventDate "2017.11.16"]
[EventType "swiss"]
[EventRounds "9"]
[EventCountry "ESP"]
[SourceTitle "CBM 182"]
[Source "ChessBase"]
[SourceDate "2018.01.17"]
[SourceVersion "1"]
[SourceVersionDate "2018.01.17"]
[SourceQuality "1"]

1. d4 d5 2. c4 {GM Rapport might employ various side lines, but this time he is choosing the classical approach.} e6 3. Nc3 Nf6 4. cxd5 exd5 5. Bg5 Be7 6. e3 c6 7. Qc2 Nbd7 8. Nf3 h6 9. Bf4 ({The more popular attempt to fight for the advantage is} 9. Bh4 Nh5 10. Bxe7 Qxe7 11. O-O-O Nb6 (11... Nhf6 12. Kb1 Nb6 13. Bd3 Bg4 14. Rc1 Bxf3 15. gxf3 O-O-O 16. Qb3 Kb8 17. a4 Rc8 18. a5 Nbd7 19. e4 $36 {Rodshtein,M - Mamedyarov,S Skopje MKD 2015}) 12. Kb1 Be6 13. Bd3 O-O-O 14. Na4 Nf6 15. Nc5 Bg4 16. Rc1 Bxf3 17. gxf3 $14 {Rodshtein,M - Trent,L Norderstedt GER 2016}) 9... Nh5 ({RR} 9... O-O 10. h3 Ne4 11. Bd3 Ndf6 12. O-O Bf5 13. Ne5 Bh7 14. f3 Nxc3 15. Bxh7+ Nxh7 16. bxc3 c5 17. Rab1 b6 18. e4 Rc8 19. Qa4 Nf6 20. Nc6 Qd7 21. Nxe7+ Qxe7 22. e5 Nh5 23. Bh2 cxd4 24. cxd4 {Firouzja,A (2785)-Andreikin,D (2729) chess.com INT 2022 1-0 (53)}) 10. O-O-O {According to his style, Richard accepts the damaged pawn structure. In return, he can benefit from opening the e-file and full control over the e5-spot.} ({It is worth paying serious attention to} 10. Be5 $5 Nhf6 (10... Nxe5 11. dxe5 g6 12. Bd3 O-O 13. O-O Ng7 14. h3 Nf5 15. Rad1 $14 {Ehlvest,J - Sveshnikov,V Riga LAT 2011}) 11. Bg3 Nh5 12. Bd3 Nxg3 13. hxg3 Nf6 14. O-O-O Be6 15. Kb1 Qa5 16. Ne5 $14 {Piket,J-Timman,J Wijk aan Zee NED 1995}) ({RR} 10. Bd3 Nxf4 11. exf4 Bd6 12. Ne5 Qf6 13. g3 Nb6 14. O-O O-O 15. Rfe1 g6 16. Nd1 Bh3 17. Ne3 Rac8 18. Qe2 c5 19. N3g4 Qg7 20. f3 Bxg4 21. fxg4 Rfe8 22. Qf2 cxd4 23. b3 Bxe5 24. fxe5 Rxe5 {Moskalenko,V (2416)-Alfaro Rojas,A (2301) Barcelona ESP 2024 1-0 (57)}) 10... Nxf4 11. exf4 g5 $146 {An interesting, but very risky decision. Jon Ludvig is searching for early counterplay, but delaying his development might definitely invite some troubles.} ({More to the point was} 11... O-O 12. Bd3 (12. g4 b5 13. Rg1 b4 14. Na4 Qc7 $132) 12... a5 (12... Bd6 13. Ne5 Re8 14. h4 Nf8 15. g4 Bxe5 16. dxe5 Bxg4 17. Rdg1 $19) 13. Kb1 a4 14. a3 b5 $132 {with a very sharp, double-edged play.}) ({RR} 11... O-O 12. Kb1 Bd6 13. g3 Re8 14. Ne5 Nf8 15. Bd3 a5 16. Rhe1 a4 17. a3 Bd7 18. Nxa4 Qa5 19. Nc5 Bg4 20. Rc1 Bc8 21. Bf5 Bxc5 22. dxc5 Bxf5 23. Qxf5 f6 24. Nf3 Rxe1 25. Nxe1 Re8 26. Nd3 {Alarcon Casellas,R (2389)-Blasco Coll,A (2242) Barcelona 2018 ½-½ (39)}) 12. Bd3 $1 {That's the point! White's development advantage is becoming threatening.} ({A less promising try was} 12. g3 gxf4 13. gxf4 Nb6 14. Rg1 Qd6 15. Ne5 Qf6 $132) 12... gxf4 13. Rhe1 ({Black's dubious strategy could be refuted by means of} 13. Ne2 $1 Qc7 14. Kb1 Nf8 15. Ne5 Ne6 16. Qd2 (16. g3 f3 17. Nxf3 Bd7 $132) 16... Bd6 17. Rhe1 {with a powerful initiative. The play might continue:} Qb6 18. Nxf4 Bb4 19. Qe3 Bxe1 20. Rxe1 Qxd4 21. Qxd4 Nxd4 22. Neg6+ Be6 23. Nxh8 Ke7 24. Nxe6 Nxe6 25. f4 Kf6 26. Nxf7 Kxf7 27. Re5 $14 {The superiority of White's bishop over the knight is obvious.}) 13... Kf8 $6 {The king wouldn't be safe on the kingside.} ({It was the proper moment for liberating the light-squared bishop:} 13... Nf8 $1 14. Ne2 Ne6 15. Qd2 Qd6 16. Ne5 Rf8 17. Bf5 (17. Nxf4 Bg5 18. g3 Bd7 $132) 17... Kd8 $1 18. Bxe6 Bxe6 19. Nxf4 Bf5 $132) 14. Bf5 $6 {Returning the favour. Now Black obtains an important tempo for consolidating.} ({A much stronger way was} 14. Ne2 Bd6 15. g3 fxg3 16. fxg3 Nf6 17. Ne5 $36) 14... Bb4 15. a3 ({Nor is anything special achieved after} 15. Re2 Nb6 16. Rde1 Kg7 17. Bxc8 Rxc8 18. Re5 Qd7 19. Rf5 Nc4 $132) 15... Bxc3 ({Another possibility was} 15... Bd6 $5 16. g3 Qf6 17. Ne2 fxg3 18. fxg3 Nb6 19. Bxc8 Rxc8 {In the resulting position White has sufficient compensation for a pawn, but hardly more.}) 16. Qxc3 Nb6 17. g4 $5 {An interesting attempt to complicate matters.} ({The more natural} 17. Bxc8 Rxc8 {looks scary for Black, but he should be able to solve the problems:} 18. Re5 (18. Ne5 Rg8 19. g3 fxg3 20. fxg3 Rc7 21. Rf1 Nc4 22. Nxc4 dxc4 23. Qxc4 Rg5 $11) 18... Nc4 19. Rf5 Rg8 20. Ne5 Rc7 21. Nxc4 dxc4 22. Rxf4 (22. d5 Rd7 23. Qb4+ Qe7 24. Qxc4 Rxd5 25. Rdxd5 cxd5 26. Qxf4 Rxg2 27. Qxh6+ Kg8 $11) (22. Qxc4 Rxg2 23. Qe6 Kg7 24. Qe5+ Kg8 $11) 22... Qd5 23. g3 Re7 $11) 17... Bxf5 ({One possibility was} 17... fxg3 $5 18. Bxc8 Nxc8 19. fxg3 Nd6 20. Rf1 Kg7 $132 {and then White's initiative isn't worth more than a pawn.}) 18. Qc5+ Kg7 19. gxf5 Qf6 $2 {After this inaccurate move Jon Ludvig's position is starting to collapse.} ({It was necessary to play} 19... Nc4 $1 {, and Black seems to be able to consolidate:} 20. Ne5 (20. Re7 Qb6 21. Qxb6 axb6 22. Rxb7 Kf6 23. Ne5 Nxe5 24. dxe5+ Kxe5 25. Rxf7 Rhf8 $11) 20... Qd6 21. Nxc4 Qxc5 22. dxc5 dxc4 23. Rd7 Rhe8 24. Re6 Kg8 25. Rxh6 Re1+ 26. Kd2 Rae8 $11) 20. Re7 $1 Rhe8 21. Rg1+ Kh7 22. Rge1 $1 $18 {Now White's pieces are dominating over the board.} Rxe7 23. Qxe7 Qxf5 {Desperation.} ({Things were also hopeless after} 23... Qxe7 24. Rxe7 Kg8 25. Ne5 Nc4 26. Nxf7 Kg7 27. Ne5+ Kf6 28. Rf7+ Kg5 29. h4+ Kxh4 30. Rg7 $18) 24. Nh4 Qd7 25. Qf6 Rg8 ({Or} 25... Re8 26. Rg1 Rg8 27. Rxg8 Kxg8 28. Nf5 $18) 26. Re7 Qg4 27. Nf5 Qg1+ 28. Kc2 Qxf2+ 29. Kb3 1-0

[Event "USA-ch"]
[Site "Saint Louis"]
[Date "2017.04.07"]
[Round "9"]
[White "Nakamura, Hikaru"]
[Black "Onischuk, Alexander"]
[Result "0-1"]
[WhiteElo "2793"]
[BlackElo "2667"]
[Annotator "Yermolinsky,Alex "]
[PlyCount "150"]
[EventDate "2017.03.29"]
[EventType "tourn"]
[EventRounds "11"]
[EventCountry "USA"]
[EventCategory "18"]
[SourceTitle "CBM 178"]
[Source "ChessBase"]
[SourceDate "2017.05.14"]
[SourceVersion "1"]
[SourceVersionDate "2017.05.14"]
[SourceQuality "1"]

1. c4 e6 2. Nc3 d5 3. d4 Nf6 4. cxd5 exd5 5. Bg5 c6 6. e3 Be7 7. Bd3 Nbd7 8. Qc2 Nh5 9. Bxe7 Qxe7 10. O-O-O Nb6 11. h3 g6 12. Nf3 Be6 13. Kb1 O-O-O 14. Nd2 ({RR} 14. Na4 Nxa4 15. Qxa4 Kb8 16. Rc1 Ng7 17. g4 Ne8 18. Rc3 Bc8 19. Ra3 a6 20. Rc1 h5 21. Ne5 hxg4 22. Bxa6 gxh3 23. Rb3 Rd6 24. Qxc6 Nf6 25. Qc5 h2 26. Rh1 Ne4 27. Nc6+ Rxc6 28. Qxe7 Nd2+ {Ebrahimi Herab,H (2408)-Carlsson,L (2352) chess.com INT 2024 0-1 (36)}) 14... Ng7 15. g4 Kb8 $146 ({RR} 15... h5 16. f3 hxg4 17. hxg4 Rh4 18. a4 f5 19. a5 Nc4 20. Bxc4 dxc4 21. Rxh4 Qxh4 22. gxf5 Nxf5 23. Nf1 Qh5 24. a6 b6 25. Qf2 Nh4 26. Nd2 Nf5 27. Nde4 Qh6 28. f4 Qg7 29. Ng5 Bg8 30. Nf3 {Tomsia,K (2103)-Budzinski,J (1846) Chotowa 2009 1-0 (39)}) 16. Nb3 h5 17. f3 Bc8 18. Qf2 hxg4 19. hxg4 Ne6 20. f4 Nc7 21. f5 Qg5 22. Rhg1 $5 Rh3 23. e4 Rdh8 {+1=7 is not a scoreline Nakamura is used to having in U.S. Championships. He had clearly had enough of draws when he sat down to play the ever-solid Onischuk today - a dangerous mindset.} 24. e5 $5 {Points for the spirit, but, objectively speaking, White is playing with fire.} (24. fxg6 fxg6 25. Nc5 Rh2 26. Qg3 {should be enough to hold.}) 24... Rh2 25. Qe1 Nc4 $1 26. Bxc4 dxc4 27. Nd2 Qf4 ({Here Alexander had a strong idea in the exchange sacrifice,} 27... gxf5 28. Nf3 Qg6 29. Nxh2 fxg4+ 30. Ka1 Rxh2 $36) 28. e6 $1 {HIkaru seizes the opportunity.} gxf5 29. exf7 Be6 30. Rf1 Qxg4 31. Nf3 Rg2 32. d5 $5 {HIkaru burned a lot of time on this one. Clearly, he wanted it all.} ({Obviously, he could see} 32. Qe5 Qg7 33. Rg1 Rxg1 34. Rxg1 Qxe5 35. Nxe5 {as advantageous for White.}) 32... cxd5 33. Nxd5 $4 {A step too far.} (33. Qe5 Qg7 34. Rg1 Qxe5 35. Nxe5 Rxg1 36. Rxg1 Rf8 {and only now} 37. Nxd5 $1 {a fantastic shot, based on forks and deflections. White will end up up the exchange with some practical winning chances.}) 33... Qg7 {A cold shower. The threat of mate forces White to part with his best pawn.} ({Nakamura's idea had been that if} 33... Bxd5 $2 34. Rxd5 $1 {is winning since} Nxd5 35. Qe5+ Kc8 36. Qxh8+ {is game over. However, he overlooked that Black needn't touch his knight at the beginning of this line at all.}) 34. Nc3 Qxf7 35. Qe5 Re8 36. Qd6 Qf8 37. Nb5 Qxd6 38. Nxd6 Rh8 39. Rh1 Rxh1 40. Rxh1 Rg8 {The last move before the time control may not have been the most optimal, but Alexander wanted to make sure he didn't blunder anything.} 41. Nd4 f4 42. Rh6 Bc8 43. Nxc4 Nd5 44. Kc2 Rd8 45. Rd6 $6 {This goes to show that Hikaru was still reeling form his blunder on move 33.} ({The activity offered by} 45. Kd3 Nb4+ 46. Ke4 Nxa2 47. Nf3 (47. Nd6 Nb4) 47... Rf8 48. Nd6 Nb4 49. Ne5 {would be more in his style, particularly against an opponent who was looking for technical solutions.}) 45... Rxd6 46. Nxd6 Bh3 47. a3 Kc7 48. Ne4 a5 $6 (48... Bg2 49. Kd3 Bf1+ 50. Kd2 Kb6) 49. Nd2 b6 50. Kd3 Bg2 51. Nc2 $2 (51. N4f3) 51... Ne7 52. b4 a4 53. Nd4 Kd7 54. Ke2 Bd5 {Onischuk at his best. His pieces guard the approaches to the f4-pawn, while the black king is slowly making its way forward.} 55. Nb5 $2 {This only helps Black.} Kc6 56. Nc3 b5 57. Kd3 Nf5 58. Nd1 Kd6 59. Nc3 Bc6 60. Nce4+ Ke7 61. Ng5 Kf6 62. Nge4+ Ke7 63. Ng5 Bg2 64. Nge4 Ke6 65. Nf2 Kd5 {Finally, the king has arrived and that signals the end of the game.} 66. Nd1 Nd6 67. Nf2 Nc4 68. Nxc4 Bf1+ 69. Kc3 Bxc4 70. Nh3 Ke4 71. Kd2 Be6 72. Ng5+ Kd5 73. Nf3 Bg4 74. Nh4 Ke4 75. Ke1 Ke3 0-1

[Event "EU-ch 19th"]
[Site "Batumi"]
[Date "2018.03.21"]
[Round "5"]
[White "Wojtaszek, Radoslaw"]
[Black "Yilmaz, Mustafa"]
[Result "1-0"]
[WhiteElo "2738"]
[BlackElo "2619"]
[Annotator "Wojtaszek,Radoslaw"]
[PlyCount "65"]
[EventDate "2018.03.17"]
[EventType "swiss"]
[EventRounds "11"]
[EventCountry "GEO"]
[SourceTitle "CBM 184"]
[Source "ChessBase"]
[SourceDate "2018.05.16"]
[SourceVersion "1"]
[SourceVersionDate "2018.05.16"]
[SourceQuality "1"]

{After my loss in the 2nd game I knew that there was no room for error and I had to keep on winning to still fight for medals. Therefore I wasn't against playing sharp games.} 1. d4 d5 2. c4 e6 3. Nc3 Nf6 4. cxd5 exd5 5. Bg5 c6 6. e3 Be7 7. Bd3 Nbd7 {The most flexible move order which has gained a lot of popularity recently.} 8. Nge2 $5 {Directed mainly against ...h5 plans.} (8. Qc2 Nh5 9. Bxe7 Qxe7 {involves a lot of theory I didn't want to enter this time.}) 8... Nf8 $5 {This is the modern way of playing the Carlsbad structure. Compared to the mainline Black is trying to save a tempo on ...e8.} (8... Nh5 9. Bxe7 Qxe7 10. g4 $5 {the point of ge2:} Nhf6 11. Ng3 {gives White an active play. I already used this idea against Onischuk in 2017 - I was much better after the opening, but later on I made some mistakes and lost.}) 9. Qc2 Ne6 10. Bh4 g6 11. f3 O-O {It wasn't a surprise for me that this position appeared as my opponent already had a game here - he won in very nice style against Korobov.} 12. O-O-O $5 {That was my improvement prepared for this game. As I said I wanted to sharpen the game and this looked like a smart way of doing it.} (12. O-O b6 13. Rad1 Bb7 14. Qc1 Rc8 {with a decent position for Black. It's not easy for White to execute e4-plans and Black has the potential ...c5-idea.}) ({RR} 12. Rd1 b6 13. Bf2 Bb7 14. h4 c5 15. dxc5 Bxc5 16. Kf1 Rc8 17. Qa4 a6 18. b4 b5 19. Qb3 Bd6 20. h5 Be5 21. hxg6 hxg6 22. Nd4 Bxd4 23. exd4 Kg7 24. Ne2 Rh8 25. Rxh8 Qxh8 26. Bg3 Nh5 {Azmaiparashvili,Z (2625)-Beliavsky,A (2640) Groningen 1994 1-0 (47)}) 12... b6 $6 {Black follows his original plan but it feels too slow against 0-0-0.} (12... b5 $1 13. g4 a5 14. Bg3 a4 15. h4 Qa5 {and the position is very unclear, both sides have to be very accurate, for instance after} 16. h5 {Black has to slow White's attack with} g5 $1) ({RR} 12... b5 13. Kb1 a5 14. e4 dxe4 15. fxe4 Ng4 16. Bxe7 Qxe7 17. Rde1 Rd8 18. d5 Nf2 19. dxe6 Bxe6 20. Nf4 Nxh1 21. Rxh1 a4 22. Nxe6 Qxe6 23. Be2 a3 24. b3 Qe5 25. Rd1 Qxh2 26. Bf3 Qe5 27. Rd3 {Al Hosani,O (2340)-Nainys,Z (2307) Doha QAT 2025 ½-½ (59)}) 13. g4 Bb7 14. Kb1 Rc8 $146 ({RR} 14... Re8 15. h3 a6 16. Rhf1 c5 17. dxc5 bxc5 18. Bc4 Qc8 19. Bxf6 dxc4 20. Bxe7 Rxe7 21. Nd5 Bxd5 22. Rxd5 Rb7 23. Qxc4 Qb8 24. Qc2 Qh2 25. Nf4 Qxc2+ 26. Kxc2 Rab8 27. Rb1 Nxf4 28. exf4 Re7 29. Rbd1 {Saidy,A (2380)-Burger,K (2345) New York 1990 1-0 (58)}) 15. Bxf6 Bxf6 16. h4 $1 c5 (16... Bxh4 $2 {I didn't even calculate this, it just felt very bad and it indeed is.} 17. Nf4 Re8 18. Nxe6 Rxe6 19. e4 $1 $36 (19. Qh2 g5 $1 {and things are not so simple})) 17. h5 $1 {From 12...b6 till now all moves were more or less logical, but now Black faces serious problems as it seems that White's attack is simply faster, which means that 12...b6 was the beginning of Black's problems.} Qe7 $6 {It looked the most natural, but White's attack doesn't slow down.} ({Black can force White to sacrifice the piece but the problem is that it's a good sacrifice!} 17... c4 $2 18. Bxg6 fxg6 19. hxg6 Rc7 20. f4 Rg7 {and here White has many possible tries to continue the attack:} 21. g5 (21. gxh7+ Kh8 22. f5 Nc7 23. Nf4 Rxg4 $2 {runs to} 24. Rdg1 $1 Rxf4 25. Qg2 $3 $18) 21... Nxg5 22. fxg5 Bxg5 23. Rxh7 Rxh7 24. gxh7+ Kh8 25. e4 $1 $16) ({There was the interesting} 17... Qe8 $5 {with the idea of protecting the g6-square, where I wanted to continue with the simple} 18. Qd2 $5 (18. f4 $6 c4 19. Bxg6 fxg6 20. hxg6 hxg6 21. Rh6 Bg7 22. Rxg6 Rf7 $1 $13 {[%cal Ge6f8]}) 18... cxd4 19. Nxd4 Nxd4 20. exd4 Bxd4 21. Nb5 $1 {and Black faces multiple threats like d6 or h2.}) 18. f4 $1 $36 Rfe8 $6 (18... c4 $6 19. Bxg6 fxg6 20. hxg6 hxg6 21. Qxg6+ Qg7 22. Qc2 $1 $18 {Black simply cannot defend against g3-f5 or g5 threats.}) (18... cxd4 19. exd4 Nxd4 20. Nxd4 Bxd4 21. hxg6 fxg6 22. Bxg6 hxg6 23. Rxd4 $16) 19. hxg6 fxg6 20. Rh3 $6 {This looked very natural, but it spoils some part of the advantage.} (20. g5 $1 Bg7 21. f5 {I saw this idea, but underestimated White's attack:} Nxg5 (21... c4 22. Be4 $3 dxe4 23. fxe6 Qxe6 24. Nf4 Qf7 25. Rh4 $18 {[%cal Gd1h1]}) 22. Nf4 cxd4 23. exd4 {and apparently White is close to winning.}) 20... Nf8 $2 {Black wants to defend the h7-pawn, but on the other hand it's taking the knight away from the central action.} (20... cxd4 $1 21. exd4 Nxd4 22. Nxd4 Bxd4 23. Bxg6 hxg6 24. Rxd4 {I thought that this position was almost winning for me, but it's not all that simple:} Kg7 25. a3 Rh8 $1 {and Black is very much still in the game.}) 21. Qd2 $1 {Now finally I don't have to watch out for ...c4-ideas.} a6 22. g5 Bg7 23. f5 $1 $18 Qxg5 24. fxg6 cxd4 25. gxh7+ Kh8 26. Nxd4 Rc7 $2 (26... Bxd4 {would be more stubborn but after} 27. exd4 Qxd2 28. Rxd2 {White should be easily winning anyway.}) 27. Nce2 Bc8 28. Rg3 Qe5 29. Nf4 Rf7 30. Rdg1 Bd7 31. Nf3 Qxe3 32. Ng5 Qxd2 33. Nxf7# {That was probably one of the best games I played in Batumi. It also gave me some extra confidence and took me back to the leading group.} 1-0

[Event "Keres Memorial"]
[Site "Tallinn/Parnu"]
[Date "1998.06.29"]
[Round "9"]
[White "Short, Nigel D"]
[Black "Andersson, Ulf"]
[Result "1-0"]
[WhiteElo "2660"]
[BlackElo "2635"]
[Annotator "Donev,Ivo Hristov"]
[PlyCount "85"]
[EventDate "1998.06.19"]
[EventType "tourn"]
[EventRounds "9"]
[EventCountry "EST"]
[EventCategory "15"]
[SourceTitle "CBM 066"]
[Source "ChessBase"]
[SourceDate "1998.09.30"]
[SourceVersion "1"]
[SourceVersionDate "1998.09.30"]
[SourceQuality "1"]

1. d4 Nf6 2. c4 c6 3. Nc3 d5 4. Nf3 e6 5. Bg5 Nbd7 6. e3 Qa5 7. cxd5 exd5 $6 {Die Theorie hält nicht viel von diesem Zug.} (7... Nxd5 $142) 8. Bd3 Bd6 9. Qc2 O-O 10. O-O Re8 11. a3 h6 12. Bh4 Qd8 13. Rae1 ({RR} 13. b4 Nb6 14. Rfb1 Bd7 15. a4 Nc8 16. b5 Bg4 17. bxc6 bxc6 18. a5 Bc7 19. Bxf6 gxf6 20. Bf5 Bxf5 21. Qxf5 Bxa5 22. Ne2 Nd6 23. Qf4 Bc7 24. Ng3 Kh7 25. Nh5 f5 26. Ne5 Re6 27. Nxf7 Qe8 {Nyola Wasswa Mark (2122)-Wanyama,H (2188) Nairobi KEN 2026 1-0 (66)}) 13... Be7 $16 {Der Eröffnungsbehandlung des Schwedische Großmeister ist sehr verdächtig. Wen er schon das als schwächer geltende 7...ed5 dem Normalzug 7...d5 vorzieht, so kann es bestimmt nicht mit der Absicht gewesen sein, eine gängige Stellung der Abtauschvariante mit einer Handvoll Tempi weniger zu bekommen, wie es jetzt der Fall ist!} 14. Bg3 $146 ({RR} 14. Nd2 Nf8 15. Nb3 Ne4 16. Bxe7 Qxe7 17. Bxe4 dxe4 18. Nd2 b6 19. f3 Ba6 20. Rf2 exf3 21. Nxf3 Ng6 {½-½ (21) Ballo,E (2221)-Oumnov,A (2233) Germany 1999}) 14... Nf8 15. h3 Be6 16. Ne5 N6d7 17. f4 Nb6 18. f5 Bd7 19. e4 dxe4 20. Rxe4 Bf6 $6 (20... Nh7 $142) 21. Nxf7 $1 Kxf7 22. Qb3+ Ne6 (22... Be6 23. fxe6+ Nxe6 24. Be2 $1 $18 {nebst h5}) 23. Rfe1 Nd5 $2 (23... Qc8 24. fxe6+ (24. Be2 g6 25. fxe6+ Bxe6 $13) 24... Rxe6 (24... Bxe6 25. Rxe6 Rxe6 26. Bf5 $18) 25. Bd6 $16 (25. Bb1 {a2})) 24. Nxd5 cxd5 25. Qxd5 Bc6 26. fxe6+ Kg8 27. Qf5 Bxe4 28. Bxe4 Qxd4+ 29. Bf2 Qd6 (29... Qxb2 30. Qh7+ Kf8 31. Bc5+ {nebst h8#}) 30. Qh7+ Kf8 31. Bg6 $1 $18 {Droht das Bauernopfer mit der Zielblockade des e7 Feldes, nebst h8#. Schwarz muss darum die Qualität zurückgeben, wonach er mit Minusbauer und schlechter Stellung nichts mehr zu hoffen hat.} Ke7 32. Bxe8 Rxe8 33. Qe4 Rc8 34. Qxb7+ Rc7 35. Qe4 {Außer dem Materialvorteil hat der Anziehende die klar bessere Königslage.} Bxb2 36. Bh4+ g5 37. Qh7+ Kd8 38. Qg8+ Ke7 39. Bf2 Bc3 40. Qf7+ Kd8 41. Qg8+ Ke7 42. Re4 Bd2 43. g3 1-0